|
|
|
|
| LEADER |
01083nam a2200313 4500 |
| 001 |
DLU120144457 |
| 005 |
##20121210 |
| 040 |
# |
# |
|a DLU
|b vie
|
| 041 |
# |
# |
|a vie
|
| 044 |
# |
# |
|a vn
|
| 082 |
# |
# |
|a 004.22
|b TR-H
|
| 100 |
# |
# |
|a Trần Công Hùng,
|c TS.
|
| 245 |
# |
# |
|a Kiến trúc máy tính tiên tiến /
|c Trần Công Hùng.
|
| 260 |
# |
# |
|a H. :
|b Thông tin và Truyền thông,
|c 2011.
|
| 300 |
# |
# |
|a 261 tr. :
|b minh hoạ ;
|c 27 cm.
|
| 504 |
# |
# |
|a Tài liệu tham khảo: tr.261.
|
| 505 |
# |
# |
|a Chương 1. Giới thiệu chung -- Chương 2. Khối xử lý song song ở mức lệnh máy -- Chương 3. Các hạn chế khi thực hiện lệnh song song -- Chương 4. Các kiến trúc đa xử lý -- Chương 5. Các vi xử lý thực tế -- Chương 6. Kiến trúc bộ nhớ tiên tiến.
|
| 650 |
# |
# |
|a Kiến trúc máy tính.
|
| 923 |
# |
# |
|a 08/2012
|
| 991 |
# |
# |
|a GT
|
| 992 |
# |
# |
|a 70000
|
| 994 |
# |
# |
|a DLU
|
| 900 |
# |
# |
|a True
|
| 911 |
# |
# |
|a Đào Thị Thu Huyền
|
| 925 |
# |
# |
|a G
|
| 926 |
# |
# |
|a A
|
| 927 |
# |
# |
|a SH
|
| 980 |
# |
# |
|a Thư viện Trường Đại học Đà Lạt
|